[Event "27th Open"]
[Site "Cappelle la Grande FRA"]
[Date "2011.02.28"]
[Round "3"]
[White "Vozovic,O"]
[Black "Wahiche,G"]
[Result "1-0"]
[WhiteElo "2341"]
[BlackElo "1983"]
[EventDate "2011.02.26"]

1. d4 Nf6 2. g3 g6 3. Bg2 Bg7 4. e4 d6 5. Ne2 O-O 6. O-O e5 7. Nbc3 c6 8.
h3 Nbd7 9. g4 Nb6 10. f4 exf4 11. Bxf4 d5 12. e5 Ne8 13. g5 Nc7 14. Qe1 Bf5
15. Rc1 Ne6 16. Qg3 Nc8 17. Nd1 Ne7 18. c3 Qa5 19. a3 Qb5 20. Rf2 Bd3 21.
Bf1 Nf5 22. Qf3 Be4 23. Qg4 Qb6 24. b4 Nxf4 25. Qxf4 h5 26. Ng3 Nxg3 27.
Qxg3 a5 28. Ne3 axb4 29. axb4 Ra3 30. Bg2 Bxg2 31. Kxg2 Qa6 32. Kh2 Qd3 33.
Ng2 Qc4 34. Rf3 Ra2 35. Rcf1 Re2 36. Re3 Rxe3 37. Qxe3 Qa6 38. e6 fxe6 39.
Qxe6+ Kh7 40. Nf4 Rxf4 41. Rxf4 Qa2+ 42. Kg3 Qd2 43. Rf3 Qxg5+ 44. Kf2 Qh4+
45. Ke2 Qg5 46. Qe3 Qg2+ 47. Kd1 Qh1+ 48. Kc2 Qa1 49. Rg3 Qa2+ 50. Kd1 Qb3+
51. Ke2 Qc2+ 52. Kf1 Qf5+ 53. Kg2 b6 54. Rf3 Qb1 55. Rf1 Qc2+ 56. Rf2 Qb1
57. Kh2 c5 58. bxc5 bxc5 59. dxc5 Qb3 60. Rf3 Qb2+ 61. Qf2 Be5+ 62. Kg2 Qc1
63. Qe3 Qb2+ 64. Rf2 1-0

[Event "27th Open"]
[Site "Cappelle la Grande FRA"]
[Date "2011.02.28"]
[Round "3"]
[White "Van Assendelft,F"]
[Black "Vaillant,S"]
[Result "1-0"]
[WhiteElo "2337"]
[BlackElo "1972"]
[EventDate "2011.02.26"]

1. e4 e6 2. d4 d5 3. e5 c5 4. c3 Nc6 5. Nf3 Qb6 6. a3 c4 7. Nbd2 Na5 8. g3
Bd7 9. h4 h6 10. Bg2 Ne7 11. h5 O-O-O 12. O-O Kb8 13. Nh4 g6 14. Nhf3 gxh5
15. Nh4 Ng6 16. Qxh5 Be8 17. f4 Be7 18. f5 Nxh4 19. gxh4 f6 20. Qe2 exf5
21. e6 h5 22. Rxf5 Rg8 23. Nf1 Nb3 24. Bf4+ Ka8 25. Re1 Bg6 26. Ng3 Nxd4
27. cxd4 Qxd4+ 28. Qe3 Qxe3+ 29. Bxe3 Bd6 30. Rf3 Be5 31. Nf5 Bxb2 32. Bd4
Bxf5 33. Bxb2 Be4 34. Rf2 Rde8 35. Rxe4 dxe4 36. Rxf6 Rg7 37. Kf2 e3+ 38.
Kf3 e2 39. Bc3 Reg8 40. Bh3 Rg3+ 41. Kxe2 Re8 42. Rf3 Rxh3 43. Rxh3 Rxe6+
44. Re3 Rxe3+ 45. Kxe3 1-0

[Event "27th Open"]
[Site "Cappelle la Grande FRA"]
[Date "2011.02.28"]
[Round "3"]
[White "Richet,V"]
[Black "Santos,AntonioP"]
[Result "1/2-1/2"]
[WhiteElo "1971"]
[BlackElo "2335"]
[EventDate "2011.02.26"]

1. e4 c5 2. Nf3 d6 3. d4 cxd4 4. Nxd4 Nf6 5. Nc3 a6 6. Bg5 e6 7. Be2 Be7 8.
O-O O-O 9. Qd2 Nc6 10. Rad1 Bd7 11. Nxc6 Bxc6 12. Bxf6 Bxf6 13. Qxd6 Qxd6
14. Rxd6 Bxc3 15. bxc3 Bxe4 16. Rd4 Bc6 17. Rfd1 Rfc8 18. f4 Kf8 19. g4 h6
20. g5 Ke7 21. Kf2 Be8 22. Rb4 b5 23. c4 a5 24. Rbb1 bxc4 25. Rd4 c3 26.
Rb7+ Kf8 27. Rc4 Rxc4 28. Bxc4 Rc8 29. Bd3 Rc5 30. h4 hxg5 31. hxg5 g6 32.
Ke3 e5 33. f5 gxf5 34. Bxf5 Kg7 35. Re7 Kf8 36. Rb7 Bb5 37. Rb8+ Kg7 38.
Rb7 Bc4 39. a3 Kf8 40. Rb8+ Ke7 41. Rb7+ Kd6 42. Rd7+ Kc6 43. Rd8 Kb7 44.
Re8 Kb6 45. Rb8+ Kc7 46. Rc8+ Kd6 47. Rd8+ Kc6 48. Rc8+ Kb5 49. Bd7+ Kb6
50. Re8 Ka7 51. Ke4 Bd5+ 52. Ke3 Ba2 53. Bf5 Kb7 54. Ke4 Bb1 55. Ke3 Ba2
1/2-1/2

[Event "27th Open"]
[Site "Cappelle la Grande FRA"]
[Date "2011.02.28"]
[Round "3"]
[White "Ambartsumova,K"]
[Black "Rigolot,L"]
[Result "1-0"]
[WhiteElo "2332"]
[BlackElo "1959"]
[EventDate "2011.02.26"]

1. e4 c5 2. Nf3 d6 3. d4 Nf6 4. Nc3 cxd4 5. Nxd4 a6 6. Be3 Ng4 7. Bc1 Nc6
8. Be2 Qb6 9. Bxg4 Qxd4 10. Be3 Qxd1+ 11. Bxd1 Be6 12. Na4 b5 13. Nb6 Rb8
14. a4 b4 15. a5 g6 16. Be2 Bg7 17. Bxa6 Bxb2 18. Bb5 Bd7 19. Ra2 Bc3+ 20.
Kf1 Ne5 21. Bxd7+ Nxd7 22. Nd5 e6 23. Nxc3 bxc3 24. Ke2 Ke7 25. a6 Rb5 26.
f3 Ra8 27. Rha1 e5 28. Kd3 f5 29. Kc4 Rb2 30. Kxc3 Rxa2 31. Rxa2 Kd8 32.
Kc4 Kc7 33. exf5 gxf5 34. Kd5 f4 35. Bf2 Nb8 36. a7 Nc6 37. c3 Kd7 38. Ra6
Ne7+ 39. Ke4 Kc7 40. c4 Nc6 41. Ra1 Nb4 42. Ra4 Nc2 43. Kd3 Ne3 44. Bxe3
fxe3 45. Kxe3 Kb7 46. Ke4 Kc6 47. h4 h5 48. g4 hxg4 49. fxg4 Kb7 50. h5
Rxa7 51. Rxa7+ Kxa7 52. h6 1-0

[Event "27th Open"]
[Site "Cappelle la Grande FRA"]
[Date "2011.02.28"]
[Round "3"]
[White "Guilbert,J"]
[Black "Berry,N"]
[Result "0-1"]
[WhiteElo "1952"]
[BlackElo "2331"]
[EventDate "2011.02.26"]

1. d4 d5 2. c4 e6 3. cxd5 exd5 4. Nc3 c6 5. Bf4 Bf5 6. e3 Qb6 7. Qc1 Nf6 8.
Be2 Nbd7 9. h3 Be7 10. Nf3 O-O 11. O-O h6 12. Rd1 Rfe8 13. a3 a5 14. Ne1
Ne4 15. Nxe4 dxe4 16. Qb1 Nf6 17. Bc4 Nd5 18. Be5 Bf8 19. Nf3 Qd8 20. Qc2
Re6 21. Nd2 Rg6 22. Nxe4 Qh4 23. Bd3 Qxh3 24. Bg3 Qg4 25. Nc5 Nxe3 26. fxe3
Bxd3 27. Nxd3 Qxg3 28. Qf2 Qxf2+ 29. Kxf2 Rf6+ 30. Ke2 Re8 31. Re1 Rfe6 32.
Kf3 f5 33. b4 axb4 34. axb4 Bd6 35. g3 Kf7 36. Ra5 g6 37. b5 Bxg3 38. Kxg3
Rxe3+ 39. Rxe3 Rxe3+ 40. Kf4 Rxd3 41. bxc6 Rxd4+ 0-1

[Event "27th Open"]
[Site "Cappelle la Grande FRA"]
[Date "2011.02.28"]
[Round "3"]
[White "Hansson,F"]
[Black "Midoux,S"]
[Result "1/2-1/2"]
[WhiteElo "1938"]
[BlackElo "2318"]
[EventDate "2011.02.26"]

1. e4 c6 2. d4 d5 3. exd5 cxd5 4. c4 Nf6 5. Nc3 Nc6 6. Nf3 Bg4 7. cxd5 Nxd5
8. Qb3 Bxf3 9. gxf3 e6 10. Qxb7 Nxd4 11. Bb5+ Nxb5 12. Qc6+ Ke7 13. Qxb5
Qd7 14. Nxd5+ Qxd5 15. Qxd5 exd5 16. Be3 Ke6 17. O-O Bb4 18. Rac1 Rhd8 19.
Bd4 Rd7 20. Rc6+ Kf5 21. Rfc1 Bd6 22. Ra6 f6 23. Kg2 h5 24. b3 h4 25. h3
Re8 26. Rxa7 Rxa7 27. Bxa7 Ra8 28. Bc5 Bxc5 29. Rxc5 Rxa2 30. Rxd5+ Ke6 31.
Rd4 Rb2 32. b4 g5 33. f4 Rb3 34. fxg5 fxg5 35. Rg4 Kf5 36. Rc4 Ke5 37. Rc5+
Kf4 38. Rc4+ Kf5 39. Rg4 Rb2 40. Rd4 Rb3 1/2-1/2

[Event "27th Open"]
[Site "Cappelle la Grande FRA"]
[Date "2011.02.28"]
[Round "3"]
[White "Aubert,B"]
[Black "Nikolova,A"]
[Result "0-1"]
[WhiteElo "1926"]
[BlackElo "2311"]
[EventDate "2011.02.26"]

1. e4 c5 2. c3 Nf6 3. e5 Nd5 4. d4 cxd4 5. Nf3 e6 6. cxd4 d6 7. Nc3 Nxc3 8.
bxc3 Qc7 9. Bd2 Nd7 10. exd6 Bxd6 11. Bd3 b6 12. O-O Bb7 13. h3 h6 14. Re1
O-O 15. Be4 Rac8 16. Bxb7 Qxb7 17. Qe2 Qd5 18. Qe4 Qxe4 19. Rxe4 Rc4 20. g3
Rfc8 21. Re3 Nf6 22. Ne5 R4c7 23. c4 Bxe5 24. dxe5 Nd7 25. Bb4 Rxc4 26. Bd6
b5 27. Ra3 Re4 28. Rxa7 Nxe5 29. Bxe5 Rxe5 30. Rb1 Rc2 31. Rd1 Rf5 32. f4
Rc3 33. Kg2 g5 34. Rd8+ Kg7 35. fxg5 hxg5 36. Rdd7 Rc2+ 37. Kg1 Rf3 38. g4
Kg6 39. a4 Rg3+ 40. Kf1 Rxh3 41. Kg1 Ra3 0-1

[Event "27th Open"]
[Site "Cappelle la Grande FRA"]
[Date "2011.02.28"]
[Round "3"]
[White "Valuet,B"]
[Black "Roelofs,Rik"]
[Result "1-0"]
[WhiteElo "2307"]
[BlackElo "1886"]
[EventDate "2011.02.26"]

1. Nf3 Nf6 2. c4 c5 3. Nc3 Nc6 4. d4 cxd4 5. Nxd4 Nxd4 6. Qxd4 d6 7. Bg5
Qa5 8. Bxf6 gxf6 9. g3 Bd7 10. Bg2 Bc6 11. O-O h5 12. Nd5 Bxd5 13. Bxd5 Qc7
14. h4 Rg8 15. Bf3 a6 16. Rac1 Bh6 17. Rc3 e6 18. Rb3 Rb8 19. Qxf6 Bg7 20.
Qg5 Kf8 21. Qd2 Be5 22. Rc1 Qc5 23. Kg2 Bd4 24. e3 Bf6 25. Rh1 b6 26. Ra3
a5 27. Rb3 Ke7 28. Qe2 Rgc8 29. Bxh5 Qxc4 30. Qf3 a4 31. Rc3 Qa6 32. Rhc1
Rc5 33. e4 Rf8 34. Rxc5 bxc5 35. Rc2 Qc6 36. Kh3 Qb5 37. b3 axb3 38. axb3
Qf1+ 39. Qg2 Qb1 40. f4 Qxb3 41. e5 dxe5 42. Rb2 Qd5 43. Bf3 e4 44. Bxe4
Qd6 45. Rb7+ Kd8 46. Qa2 1-0

[Event "27th Open"]
[Site "Cappelle la Grande FRA"]
[Date "2011.02.28"]
[Round "3"]
[White "Van Eert,Frans"]
[Black "Brunner,N"]
[Result "0-1"]
[WhiteElo "1882"]
[BlackElo "2478"]
[EventDate "2011.02.26"]

1. e4 c5 2. Nf3 d6 3. d4 cxd4 4. Nxd4 Nf6 5. Nc3 a6 6. Bg5 e6 7. f4 Qc7 8.
Qf3 b5 9. Bd3 Nbd7 10. O-O-O Bb7 11. Rhe1 Qb6 12. Nb3 b4 13. Nd5 exd5 14.
e5 dxe5 15. fxe5 Ne4 16. Bxe4 dxe4 17. Qg3 h6 18. Be3 Qg6 19. Qxg6 fxg6 20.
e6 Nf6 21. Nc5 Bd5 22. Rd2 Bxc5 23. Bxc5 Bxe6 24. Rd6 Kf7 25. Red1 a5 26.
Rb6 Rhd8 27. Rb7+ Kg8 28. Rxd8+ Rxd8 29. Bb6 Rd5 30. Ra7 Nd7 31. Bxa5 e3
32. Bxb4 e2 33. Ra8+ Kf7 34. b3 Rd1+ 35. Kb2 e1=Q 36. Bxe1 Rxe1 37. a4 Ke7
38. a5 Kd6 39. b4 Re4 40. c3 Re2+ 41. Kc1 Bc4 42. a6 Ra2 43. a7 Bd5 0-1

[Event "27th Open"]
[Site "Cappelle la Grande FRA"]
[Date "2011.02.28"]
[Round "3"]
[White "Ravot,S"]
[Black "Foisor,O"]
[Result "0-1"]
[WhiteElo "2250"]
[BlackElo "2397"]
[EventDate "2011.02.26"]

1. d4 Nf6 2. c4 g6 3. Nf3 Bg7 4. g3 O-O 5. Bg2 d6 6. Nc3 c6 7. O-O Bf5 8.
Nh4 Be6 9. d5 cxd5 10. cxd5 Bd7 11. h3 b5 12. e4 b4 13. Ne2 Na6 14. Nd4 Nc5
15. Re1 Rc8 16. b3 Qb6 17. Bb2 e5 18. Nc2 a5 19. Bc1 Qc7 20. Bg5 Ncxe4 21.
Bxe4 Nxe4 22. Rxe4 Qxc2 23. Qxc2 Rxc2 24. a3 f5 25. Ree1 a4 26. Be7 Re8 27.
Bxd6 axb3 28. Bxb4 b2 29. Rab1 e4 30. Ng2 Bb5 31. a4 Bxa4 32. Ba3 Bb3 33.
Ne3 Rd2 34. Bb4 Rd3 35. Ba3 Ba2 36. Bxb2 Bxb1 37. Bxg7 Ba2 38. Bh6 Bxd5 39.
Ra1 Ra8 40. Rc1 Be6 41. h4 Kf7 42. Rc7+ Rd7 43. Rc1 Ra2 44. Ng2 Bb3 45. Rc3
Bd1 46. Be3 Bf3 47. Kh2 Ra1 48. Rb3 Rdd1 49. Rb7+ Ke6 50. Nf4+ Kd6 51. Rb6+
Kd7 0-1

[Event "27th Open"]
[Site "Cappelle la Grande FRA"]
[Date "2011.02.28"]
[Round "3"]
[White "Batsiashvili,N"]
[Black "Silva,An"]
[Result "1-0"]
[WhiteElo "2396"]
[BlackElo "2242"]
[EventDate "2011.02.26"]

1. d4 f5 2. Nc3 Nf6 3. Bg5 d5 4. Bxf6 exf6 5. e3 Be6 6. Bd3 Qd7 7. Nge2 Nc6
8. a3 g6 9. b4 a5 10. b5 Ne7 11. Nf4 b6 12. Qf3 Bf7 13. h3 h5 14. Kd2 O-O-O
15. h4 Kb8 16. Na4 Nc8 17. Rhc1 g5 18. Ne2 Nd6 19. Nac3 Ne4+ 20. Bxe4 dxe4
21. Qh3 Be6 22. Qh1 Bc4 23. Ke1 Bd6 24. Qh3 Qh7 25. g3 Rhe8 26. Kd2 f4 27.
gxf4 gxf4 28. exf4 Qh6 29. Qe3 f5 30. Rg1 Qf6 31. Rg5 Bc5 32. Ke1 Rxd4 33.
Rxf5 Qh8 34. Rxc5 bxc5 35. Rb1 Qf6 36. b6 c6 37. f5 Bxe2 38. Nxe2 Rd5 39.
Qg3+ Qe5 40. Nf4 e3 41. Nxd5 exf2+ 42. Kxf2 cxd5 43. f6 Kb7 44. Qxe5 Rxe5
45. Rf1 Re8 46. f7 Rf8 47. Ke3 Kxb6 48. Rf5 Kb5 49. Kf4 Ka4 50. Ke5 Kxa3
51. Ke6 Kb2 52. Rxd5 1-0

[Event "27th Open"]
[Site "Cappelle la Grande FRA"]
[Date "2011.02.28"]
[Round "3"]
[White "Strugnell,C"]
[Black "Petkevich,J"]
[Result "1/2-1/2"]
[WhiteElo "2231"]
[BlackElo "2394"]
[EventDate "2011.02.26"]

1. e4 c5 2. Nc3 Nc6 3. Bb5 g6 4. Bxc6 dxc6 5. d3 Bg7 6. Be3 b6 7. Qd2 e5 8.
O-O-O Be6 9. Nge2 Qc7 10. f4 f6 11. fxe5 fxe5 12. Kb1 O-O-O 13. b3 h6 14.
Qe1 Nf6 15. Qg3 g5 16. h4 Nh5 17. Qh2 g4 18. Ng3 Nf4 19. h5 Bf6 20. Bc1 Bg5
21. Nf5 Bf7 22. g3 Nxh5 23. Bxg5 hxg5 24. Qd2 Rdg8 25. Rh2 Qd8 26. Rdh1 Bg6
27. Qg2 Kb7 28. Ne3 Qd7 29. Nc4 Qe7 30. Qd2 Rh7 31. Ne2 Rd8 32. Qc3 Re8 33.
a4 Qf6 34. Kb2 Qe7 35. Rf2 Rf7 36. Rxf7 Bxf7 37. Ne3 Qe6 38. Nf5 Bg6 39.
Rxh5 Bxh5 40. Ng7 Qe7 41. Nxe8 Bxe8 42. Qe1 Bg6 43. Nc3 Qf6 44. Nd1 Bf7 45.
Qh1 Be6 46. Qh7+ Kb8 47. Kc1 Bc8 48. Kd2 Qf3 49. Qh2 Kb7 50. Ne3 Be6 51.
Qg1 Kc7 52. Nf1 c4 53. Nh2 Qf8 54. dxc4 Qb4+ 55. Kd3 Qd6+ 56. Ke2 Qd4 57.
Qe3 Qb2 58. Qd3 Qd4 59. Nf1 Qg1 60. Kd2 Qf2+ 61. Kc1 Qg1 62. c3 Qf2 63. Nd2
Qf7 64. Qf1 Qxf1+ 65. Nxf1 b5 66. axb5 cxb5 67. cxb5 Bxb3 68. Ne3 Kb6 69.
Kb2 Be6 70. c4 Kc5 71. Kc3 Bc8 72. Nd5 a6 73. Ne7 Bb7 74. bxa6 Bxa6 75. Ng6
Kd6 76. c5+ Ke6 77. c6 Kd6 78. c7 Bb7 79. Kd3 Ba6+ 80. Ke3 Bc8 1/2-1/2

[Event "27th Open"]
[Site "Cappelle la Grande FRA"]
[Date "2011.02.28"]
[Round "3"]
[White "Medghoul,S"]
[Black "Cabrera Trujillo,J"]
[Result "0-1"]
[WhiteElo "2208"]
[BlackElo "2382"]
[EventDate "2011.02.26"]

1. d4 Nf6 2. c4 g6 3. Nc3 Bg7 4. e4 O-O 5. Nf3 d6 6. Be2 e5 7. O-O Nc6 8.
d5 Ne7 9. b4 Ne8 10. Re1 f5 11. Ng5 h6 12. Ne6 Bxe6 13. dxe6 Qc8 14. Bf3
Qxe6 15. exf5 gxf5 16. Bxb7 Rb8 17. Bd5 Nxd5 18. Qxd5 Qxd5 19. Nxd5 Rf7 20.
b5 c6 21. Nc3 e4 22. Bd2 cxb5 23. cxb5 Bxc3 24. Bxc3 Rxb5 25. f3 Re7 26. g4
fxg4 27. fxg4 Rg5 28. h3 h5 29. Bd2 Rd5 30. Be3 hxg4 31. hxg4 Rg7 32. g5
Rf5 33. Rab1 Kf7 34. Rb7+ Ke6 35. Rxa7 Rxa7 36. Bxa7 Rxg5+ 37. Kf2 d5 38.
a4 Nd6 39. Rb1 Rh5 40. Bb8 Nc4 41. Rb5 Rf5+ 42. Ke2 d4 43. Rxf5 Kxf5 44.
Ba7 d3+ 45. Kf2 Nb2 46. Ke3 Nc4+ 47. Kf2 Ke5 48. Bc5 Kd5 49. Ba7 Nb2 50.
Ke1 Nxa4 51. Be3 Nb2 52. Bh6 Nc4 53. Kf2 Kd4 54. Bg7+ Ne5 55. Bf6 e3+ 56.
Ke1 Ke4 0-1

[Event "27th Open"]
[Site "Cappelle la Grande FRA"]
[Date "2011.02.28"]
[Round "3"]
[White "Debray,C"]
[Black "Cappon,J"]
[Result "1/2-1/2"]
[WhiteElo "2381"]
[BlackElo "2238"]
[EventDate "2011.02.26"]

1. d4 Nf6 2. c4 e6 3. Nc3 Bb4 4. e3 b6 5. Nge2 Bb7 6. a3 Bd6 7. d5 c6 8. e4
Na6 9. g3 O-O 10. Bg2 h6 11. O-O Re8 12. b4 Nc7 13. Bb2 cxd5 14. exd5 Rb8
15. Nd4 exd5 16. cxd5 Bf8 17. Qb3 Qe7 18. Rad1 Qe5 19. Nc2 Qh5 20. h3 Bd6
21. Rfe1 Qg6 22. Nd4 a6 23. Bc1 b5 24. Nde2 Qf5 25. g4 Qg6 26. Ng3 Rxe1+
27. Rxe1 Bxg3 28. fxg3 Qd3 29. Bf4 Ncxd5 30. Bxb8 Nxc3 31. Qb2 Bxg2 32.
Qxg2 Nfe4 33. Be5 d5 34. Kh2 f6 35. Bxc3 Qxc3 36. Rd1 Qb3 37. Rd4 Kf7 38.
h4 Ke6 39. Rxe4+ dxe4 40. Qxe4+ Kd6 41. Qb7 Qc2+ 42. Kh3 Qc6 43. Qb8+ Ke6
44. Kh2 Qc2+ 45. Kh3 Qc6 1/2-1/2

[Event "27th Open"]
[Site "Cappelle la Grande FRA"]
[Date "2011.02.28"]
[Round "4"]
[White "Vovk,A"]
[Black "Jankovic,A"]
[Result "0-1"]
[WhiteElo "2528"]
[BlackElo "2564"]
[EventDate "2011.02.26"]

1. e4 c5 2. Nf3 d6 3. d4 cxd4 4. Nxd4 Nf6 5. Nc3 Nc6 6. Bg5 e6 7. Qd2 a6 8.
O-O-O Bd7 9. f4 b5 10. Bxf6 gxf6 11. Kb1 Rc8 12. g3 Qb6 13. Nce2 Na5 14.
Nc1 Bg7 15. Be2 O-O 16. g4 Nc4 17. Qd3 a5 18. Rhg1 a4 19. Qg3 Kh8 20. Bxc4
Rxc4 21. Nce2 Rfc8 22. Rd3 Bc6 23. Qe3 Bb7 24. Ng3 Qc5 25. Nh5 Bxe4 26.
Qxe4 f5 27. Qe2 Bxd4 28. Rc1 fxg4 29. Ng3 Bg7 30. Qd2 Rd4 31. c3 Rxd3 32.
Qxd3 a3 33. b3 b4 34. c4 Qf2 35. Ne2 Qxh2 36. Qe4 Qh5 37. Qb7 Qc5 38. Qxf7
Qe3 39. Rc2 g3 40. Qb7 Rg8 41. Qg2 Bf6 42. Nc1 Qd4 43. Re2 Qa1+ 44. Kc2 Bb2
45. Nd3 Qxa2 46. Nxb4 Qa1 47. Kd3 Qd1+ 48. Ke4 Qd4+ 0-1

[Event "27th Open"]
[Site "Cappelle la Grande FRA"]
[Date "2011.02.28"]
[Round "4"]
[White "Foisor,M"]
[Black "Petrov,Marij"]
[Result "0-1"]
[WhiteElo "2193"]
[BlackElo "2535"]
[EventDate "2011.02.26"]

1. c4 g6 2. g3 Bg7 3. Bg2 e5 4. Nc3 d6 5. e4 Be6 6. d3 Ne7 7. Nge2 O-O 8.
Be3 Nbc6 9. Qd2 Nd4 10. O-O c6 11. Bh6 Nxe2+ 12. Nxe2 d5 13. exd5 cxd5 14.
Bxg7 Kxg7 15. Qc3 d4 16. Qb4 Qc7 17. Rae1 Rab8 18. f4 Nf5 19. fxe5 Qxe5 20.
Nf4 Ne3 21. Qe7 Rfe8 22. Nxe6+ Qxe6 23. Qxe6 Rxe6 24. Rf2 b6 25. b4 Rc8 26.
Rc1 Nxg2 27. Kxg2 f5 28. c5 Kf6 29. Rc4 bxc5 30. bxc5 Re3 31. Rf3 Re2+ 32.
Rf2 Rxf2+ 33. Kxf2 Ke5 34. c6 Rc7 35. Kf3 Kd5 36. Ra4 Rxc6 37. Rxa7 Rc3 38.
Rd7+ Ke5 39. Re7+ Kf6 40. Rxh7 Rxd3+ 41. Ke2 Ra3 42. Rh8 Kg5 43. Rh4 Rxa2+
44. Kd3 Ra3+ 45. Ke2 Re3+ 46. Kd2 Re4 47. Rh8 f4 48. h4+ Kg4 49. gxf4 Rxf4
50. Kd3 Kg3 51. Rh6 Rg4 52. h5 g5 53. Rg6 Kf4 54. Kxd4 Rh4 55. Rc6 Kg3+ 56.
Ke3 Rxh5 57. Ke2 g4 58. Rg6 Rf5 59. Rg8 Kh3 0-1

[Event "27th Open"]
[Site "Cappelle la Grande FRA"]
[Date "2011.02.28"]
[Round "4"]
[White "Kryvoruchko,Y"]
[Black "Berczes,D"]
[Result "1-0"]
[WhiteElo "2640"]
[BlackElo "2535"]
[EventDate "2011.02.26"]

1. e4 c6 2. Nf3 d5 3. Nc3 Bg4 4. d4 e6 5. Bd3 Nf6 6. O-O dxe4 7. Nxe4 Nxe4
8. Bxe4 Nd7 9. h3 Bh5 10. c3 Nf6 11. Bd3 Bd6 12. Re1 O-O 13. Bg5 c5 14.
dxc5 Bxc5 15. Re5 Bxf3 16. Qxf3 Be7 17. Rd1 Qc7 18. Bxf6 Bxf6 19. Rh5 h6
20. Rxh6 gxh6 21. Qxf6 Rad8 22. Qxh6 f6 23. Re1 Qg7 24. Qe3 e5 25. Qf3 Rd6
26. Bf5 Rfd8 27. Re4 Kf8 28. Rg4 Qf7 29. Rh4 Qxa2 30. Rh8+ Kg7 31. Qxb7+
R6d7 32. Rh7+ 1-0

[Event "27th Open"]
[Site "Cappelle la Grande FRA"]
[Date "2011.02.28"]
[Round "4"]
[White "Vuckovic,Bo"]
[Black "Apicella,M"]
[Result "1/2-1/2"]
[WhiteElo "2623"]
[BlackElo "2531"]
[EventDate "2011.02.26"]

1. e4 e6 2. d4 d5 3. Nc3 Bb4 4. e5 Ne7 5. a3 Bxc3+ 6. bxc3 c5 7. Qg4 O-O 8.
Bd3 Nbc6 9. Qh5 Ng6 10. Nf3 Qc7 11. Be3 c4 12. Bxg6 fxg6 13. Qg4 Qf7 14.
Ng5 Qe8 15. h4 h6 16. Nh3 Bd7 17. Qe2 b5 18. g4 a5 19. h5 gxh5 20. g5 hxg5
21. Nxg5 g6 22. Qf1 Ne7 23. Qg2 Nf5 24. Nh3 Ng7 25. Rg1 Kh7 26. Qg5 Nf5 27.
Nf4 Rg8 28. Rh1 Rg7 29. Ke2 Qf7 30. Rag1 Be8 31. Qf6 Qxf6 32. exf6 Rb7 33.
Nxe6 Bf7 34. Ng5+ Kg8 35. Nf3 Kh7 36. Ng5+ Kg8 37. Nf3 Kh7 38. Ng5+ 1/2-1/2

[Event "27th Open"]
[Site "Cappelle la Grande FRA"]
[Date "2011.02.28"]
[Round "4"]
[White "Kiselev,Vit2"]
[Black "Pantsulaia,L"]
[Result "0-1"]
[WhiteElo "2526"]
[BlackElo "2610"]
[EventDate "2011.02.26"]

1. d4 Nf6 2. c4 e6 3. Nf3 c5 4. d5 exd5 5. cxd5 d6 6. Nc3 g6 7. h3 Bg7 8.
e4 O-O 9. Bd3 Re8 10. O-O c4 11. Bc2 b5 12. a3 a6 13. Bf4 Qc7 14. Re1 Nbd7
15. Qd2 Bb7 16. Re2 Rac8 17. Rae1 Ne5 18. Nxe5 dxe5 19. Bh6 Nd7 20. Bxg7
Kxg7 21. h4 h5 22. g3 Qb6 23. Kg2 a5 24. Nd1 b4 25. axb4 axb4 26. Ba4 Red8
27. Bxd7 Rxd7 28. f4 exf4 29. Qxf4 Qf6 30. Kf3 Qe7 31. Ne3 Rd6 32. e5 Bxd5+
33. Kf2 Rdd8 34. Rd2 Be6 35. Rxd8 Qxd8 36. Rd1 Qe7 37. Qd4 Qc5 38. Qxc5
Rxc5 39. Rc1 b3 40. Ke2 c3 41. bxc3 Rxc3 42. Kd2 Rxe3 43. Kxe3 Bf5 44. e6
b2 45. Rb1 Bxb1 46. e7 Bf5 0-1

[Event "27th Open"]
[Site "Cappelle la Grande FRA"]
[Date "2011.02.28"]
[Round "4"]
[White "Solodovnichenko,Y"]
[Black "Teske,H"]
[Result "1/2-1/2"]
[WhiteElo "2577"]
[BlackElo "2520"]
[EventDate "2011.02.26"]

1. e4 e5 2. Nf3 Nf6 3. Nxe5 d6 4. Nf3 Nxe4 5. d4 d5 6. Bd3 Nc6 7. O-O Be7
8. c4 Nb4 9. Be2 O-O 10. Nc3 Bf5 11. a3 Nxc3 12. bxc3 Nc6 13. Re1 Re8 14.
cxd5 Qxd5 15. Bf4 Bd6 16. c4 Qe4 17. Be3 Rad8 18. c5 Be7 19. Bb5 Bg4 20.
Bg5 Bxf3 21. Rxe4 Bxd1 22. Bxc6 bxc6 23. Bxe7 Bc2 24. Bxd8 1/2-1/2

[Event "27th Open"]
[Site "Cappelle la Grande FRA"]
[Date "2011.02.28"]
[Round "4"]
[White "Harika,D"]
[Black "Spraggett,K"]
[Result "1/2-1/2"]
[WhiteElo "2520"]
[BlackElo "2575"]
[EventDate "2011.02.26"]

1. c4 Nf6 2. g3 g6 3. Bg2 Bg7 4. Nc3 O-O 5. e4 d6 6. Nge2 c5 7. O-O Nc6 8.
d3 Rb8 9. h3 Ne8 10. Be3 Nd4 11. Rb1 Bd7 12. b4 b6 13. f4 Nc7 14. Kh2 f5
15. bxc5 bxc5 16. Rxb8 Qxb8 17. Nd5 Nxd5 18. exd5 Nxe2 19. Qxe2 Qc7 20. Bc1
Bf6 21. Bb2 Bxb2 22. Qxb2 Qb6 1/2-1/2

[Event "27th Open"]
[Site "Cappelle la Grande FRA"]
[Date "2011.02.28"]
[Round "4"]
[White "Kravtsiv,M"]
[Black "Nyzhnyk,I"]
[Result "1/2-1/2"]
[WhiteElo "2566"]
[BlackElo "2530"]
[EventDate "2011.02.26"]

1. e4 c5 2. Nf3 d6 3. d4 cxd4 4. Nxd4 Nf6 5. Nc3 a6 6. Be3 e5 7. Nb3 Be6 8.
f4 Qc7 9. f5 Bc4 10. Bxc4 Qxc4 11. Qf3 Nbd7 12. O-O-O Rc8 13. Bg5 b5 14. a3
Be7 15. Kb1 O-O 16. g4 d5 17. exd5 Bxa3 18. Bxf6 Nxf6 19. g5 Nd7 20. Qd3
Bb4 21. Ne4 Nb6 22. d6 Rfd8 23. Nc1 Qxd3 24. Nxd3 1/2-1/2

[Event "27th Open"]
[Site "Cappelle la Grande FRA"]
[Date "2011.02.28"]
[Round "4"]
[White "Vera Gonzalez Quevedo,R"]
[Black "Leon Hoyos,M"]
[Result "0-1"]
[WhiteElo "2518"]
[BlackElo "2565"]
[EventDate "2011.02.26"]

1. Nf3 g6 2. c4 c5 3. d4 cxd4 4. Nxd4 Nc6 5. e4 Nf6 6. Nc3 d6 7. Nc2 Bg7 8.
Be2 O-O 9. O-O Nd7 10. Bd2 a5 11. b3 Nc5 12. f3 f5 13. exf5 Bxf5 14. Ne3
Bd7 15. Rb1 Nd4 16. Rf2 Bc6 17. Bf1 b6 18. Be1 e6 19. Ne2 Nf5 20. Nxf5 gxf5
21. Nd4 Be8 22. Bc3 e5 23. Nc2 Bh6 24. a3 a4 25. b4 Nb3 26. Qd5+ Bf7 27.
Qb5 Qc7 28. f4 Bxf4 29. g3 Bh6 30. Rxf5 Be6 31. Rxf8+ Rxf8 32. Qxa4 Nc1 33.
Be1 Bd7 34. Qa6 Rxf1+ 35. Kxf1 Bh3+ 36. Kg1 Ne2+ 37. Kf2 Qf7+ 38. Kxe2 Bf1+
0-1

[Event "27th Open"]
[Site "Cappelle la Grande FRA"]
[Date "2011.02.28"]
[Round "4"]
[White "Zherebukh,Y"]
[Black "Shneider,Alek"]
[Result "0-1"]
[WhiteElo "2565"]
[BlackElo "2518"]
[EventDate "2011.02.26"]

1. b3 c5 2. Bb2 d5 3. e3 Nf6 4. Nf3 e6 5. d4 Nc6 6. Bd3 Bd6 7. O-O O-O 8.
a3 Qe7 9. Ne5 Nd7 10. f4 f6 11. Qh5 f5 12. Nd2 Nf6 13. Qe2 Bd7 14. c4 b6
15. cxd5 exd5 16. Nxc6 Bxc6 17. Bxf5 Rae8 18. Rf3 cxd4 19. Bxd4 Bxa3 20.
Rh3 g6 21. Bxg6 hxg6 22. Rg3 Bc5 23. Rxg6+ Kh7 24. Qd3 Qxe3+ 25. Bxe3 Rxe3
26. Rxa7+ Bd7 0-1

[Event "27th Open"]
[Site "Cappelle la Grande FRA"]
[Date "2011.02.28"]
[Round "4"]
[White "Fargere,Fr"]
[Black "Hebden,M"]
[Result "1/2-1/2"]
[WhiteElo "2512"]
[BlackElo "2558"]
[EventDate "2011.02.26"]

1. e4 e5 2. Nf3 Nc6 3. Bb5 a6 4. Bxc6 dxc6 5. O-O Be7 6. d3 f6 7. d4 Bg4 8.
c3 Qd6 9. Be3 O-O-O 10. Nbd2 Qe6 11. Qc2 h5 12. c4 Nh6 13. d5 Qd7 14. Rfb1
cxd5 15. cxd5 Nf7 16. Nc4 Kb8 17. Ne1 h4 18. f3 Bh5 19. h3 Nd6 20. Na5 f5
21. Nd3 fxe4 22. Nc5 Qb5 23. a4 Qxa5 24. b4 Qb6 25. b5 a5 26. Na6+ Ka7 27.
Bxb6+ cxb6 28. Qc7 Bg5 29. Nb4 Be3+ 30. Kh2 Ka8 31. Nc6 Rdf8 32. Qxd6 exf3
33. Nxe5 Bf4+ 34. Kh1 Rf5 35. Qxb6 fxg2+ 36. Kg1 Bxe5 37. Qxa5+ Kb8 38. b6
Bd4+ 39. Kh2 g1=Q+ 40. Rxg1 Be5+ 41. Kh1 Bf3+ 42. Rg2 Bxa1 43. Qa7+ Kc8 44.
Qa8+ Kd7 45. Qxb7+ Kd6 46. Qc6+ Ke5 47. Qe6+ Kf4 48. Qd6+ Ke4 49. b7 Rxd5
50. Qb4+ Bd4 51. b8=Q Rxb8 52. Qxb8 Be5 53. Qb1+ Kf4 54. Qc1+ Kf5 55. Qc8+
Ke4 56. Qc2+ Kf4 57. Qc1+ Kf5 58. Qc8+ Kf4 1/2-1/2

[Event "27th Open"]
[Site "Cappelle la Grande FRA"]
[Date "2011.02.28"]
[Round "4"]
[White "Kharitonov,Alexandr"]
[Black "Hasangatin,R"]
[Result "1/2-1/2"]
[WhiteElo "2552"]
[BlackElo "2508"]
[EventDate "2011.02.26"]

1. d4 d5 2. c4 dxc4 3. e3 Be6 4. Nf3 c6 5. Nc3 b5 6. a4 b4 7. Ne4 Nf6 8.
Ng3 Bd5 9. Qc2 Bxf3 10. gxf3 e6 11. Qxc4 Qd5 12. e4 Qxc4 13. Bxc4 Be7 14.
Be3 Nbd7 15. Rc1 a5 16. Bd3 Nb8 17. Nf1 Nfd7 18. Nd2 O-O 19. Ke2 f5 20. Bc4
f4 21. Bxe6+ Kh8 22. Bxd7 Nxd7 23. Rxc6 fxe3 24. fxe3 b3 25. e5 Bb4 26.
Nxb3 Rab8 27. Rc2 Nb6 28. Ra1 Nd5 29. Nc1 Rb6 30. Nd3 Rh6 31. Rh1 g5 32. h3
Be7 33. e4 Nb4 34. Nxb4 Bxb4 35. d5 Rh4 36. d6 Rhf4 37. Rf1 h5 38. d7 Be7
39. Rc8 Rd8 40. Rfc1 Kg7 41. Rxd8 Bxd8 42. Rc8 Rf8 43. Ra8 Kf7 44. b4 axb4
45. a5 b3 46. a6 b2 47. Rb8 Bc7 48. Rxf8+ 1/2-1/2